000 00627nam a2200181Ia 4500
003 GCL
008 140319s9999 xx 000 0 ara d
040 _aGCL /
_cGCL
082 0 4 _a250
_bس ع
100 1 _aالسيد الصادق المهدى
245 1 0 _aالعقوبات الشرعية وموقعها من النظام الاجتماعى الاسلامى /
_cالسيد الصادق المهدى
260 _a[S.N] :
_bالزهراء للاعلام العربى ،
_c1987
300 _a228 ص
490 _a
650 0 4 _aالشريعة الاسلامية
650 0 4 _aالفقه الاسلامى
942 _2ddc
_cBK
999 _c51010
_d51010